Fr. Conceicao Rodrigues College of Engineering

Client /Server dBase Programming (Record no. 19674)

MARC details
000 -LEADER
fixed length control field 00318nam a2200145Ia 4500
082 ## - DEWEY DECIMAL CLASSIFICATION NUMBER
Classification number 5.758
Item number RIN
100 ## - MAIN ENTRY--PERSONAL NAME
Personal name Rinehart/Martin L
245 ## - TITLE STATEMENT
Title Client /Server dBase Programming
260 ## - PUBLICATION, DISTRIBUTION, ETC.
Name of publisher, distributor, etc. Addison Wesly
Place of publication, distribution, etc. Reading
Date of publication, distribution, etc. 1994
300 ## - PHYSICAL DESCRIPTION
Extent 325
546 ## - LANGUAGE NOTE
Language note ENGLISH
654 ## - SUBJECT ADDED ENTRY--FACETED TOPICAL TERMS
Focus term Computer
942 ## - ADDED ENTRY ELEMENTS (KOHA)
Koha item type BOOK
Holdings
Withdrawn status Lost status Damaged status Not for loan Collection Home library Current library Shelving location Date acquired Total Checkouts Full call number Barcode Date last seen Price effective from Koha item type
        CRC Fr. Agnel's C.Rodrigues College of Engineering Fr. Agnel's C.Rodrigues College of Engineering   17/03/2023   5.758 RIN 8616 17/03/2023 17/03/2023 BOOK